000
00268nam a2200109 a 4500
005
20140414131938.0
008
110125s19uu xx 00 eng d
050
_a
ER
_b
Sn6 1989
245
_a
Snoopy's day at the farm.
440
_a
Peanuts sound story
999
_c
112530
_d
112530